El poeta niño / (Registro nro. 14587)

Detalles MARC
000 -LIDER
fixed length control field 00990nam a2200313 a 4500
001 - NÚMERO DE CONTROL
Identificador de número de control 000007137
003 - IDENTIFICACDOR DE NÚMERO DE CONTROL
control field DO-SdBNP
005 - DATE AND TIME OF LATEST TRANSACTION
control field 20240312132608.0
007 - CAMPOS FIJOS DE DESCRIPCIÓN FÍSICA
fixed length control field 000007137
008 - ELEMENTOS DE LONGITUD FIJA
fixed length control field 090717s2017 mx 001 0 spa d
020 ## - ISBN
Canceled/invalid ISBN 9789681651695
040 ## - FUENTE DE CATALOGACIÓN
Agencia que crea de manera original el registro BPMSU
Idioma de catalogación spa
Agencia que realiza la transcripción BPMSU
082 #4 - NÚMERO DE CLASIFICACIÓN DECIMAL DE DEWEY
Classification number M863.6
Item number A698h 2017
Edition number 22
100 1# - ASIENTO PRINCIPAL -- NOMBRE PERSONAL
Nombre personal Aridjis, Homero,
Fechas asociadas con el nombre 940-
245 13 - MENCIÓN DE TITULO
Título El poeta niño /
Mención de responsabilidad Homero Aridjis.
Subtítulo
260 ## - PUBLICACIÓN, DISTRIBUCIÓN, ETC. (PIE DE IMPRENTA)
Lugar de publicación, distribución, etc México :
Nombre del editor, distribuidor, etc. Fondo de Cultura Económica ;
Fecha de publicación, distribución, etc 2017
300 ## - DESCRIPCIÓN FÍSICA
Extensión 171 p. ;
Dimensiones 23 cm.
Otros detalles físicos
490 0# - MENCIÓN DE SERIES
Mención de serie Tierra firme
500 ## - NOTA GENERAL
Nota general Incluye datos biogràficos del autor en la contracubierta
590 ## - NOTA LOCAL
Texto de la nota local Inventariado, 2024/VM
650 #4 - ENCABEZAMIENTO DE MATERIA--TEMÁTICO
Término temático o nombre geográfico como elemento de entrada Cuentos mexicanos.
650 #4 - ENCABEZAMIENTO DE MATERIA--TEMÁTICO
Término temático o nombre geográfico como elemento de entrada Vida cotidiana.
Subdivisión de forma Cuentos.
650 #4 - ENCABEZAMIENTO DE MATERIA--TEMÁTICO
Término temático o nombre geográfico como elemento de entrada Amistad
Subdivisión de forma Cuentos.
650 #4 - ENCABEZAMIENTO DE MATERIA--TEMÁTICO
Término temático o nombre geográfico como elemento de entrada Cuentos de fantasmas.
710 2# - ASIENTO SECUNDARIO -- NOMBRE CORPORATIVO
Nombre corporativo o de jurisdicción Fondo de Cultura Económica (México)
710 2# - ASIENTO SECUNDARIO -- NOMBRE CORPORATIVO
Nombre corporativo o de jurisdicción Instituto Nacional de Antropología e Historia (México)
910 ## - VALIDACIÓN
Validación VMateo V. Control de calidad BPMSU
942 ## - ADDED ENTRY ELEMENTS (KOHA)
Source of classification or shelving scheme Dewey Decimal Classification
Koha item type Libros
Existencias
Withdrawn status Lost status Source of classification or shelving scheme Damaged status Not for loan Home library Current library Date acquired Total Checkouts Full call number Barcode Date last seen Price effective from Koha item type Copy number Collection code
    Dewey Decimal Classification     Biblioteca Pública Metropolitana Salomé Ureña Biblioteca Pública Metropolitana Salomé Ureña 03/12/2024   BPMSU CG M863.6 A698p 2017 BPMSU24030029 03/12/2024 03/12/2024 Libros    
    Dewey Decimal Classification     Biblioteca Pública Metropolitana Salomé Ureña Biblioteca Pública Metropolitana Salomé Ureña 03/12/2024   BPMSU CG M863.6 A698p 2017 BPMSU24030030 03/12/2024 03/12/2024 Libros e.2  
    Dewey Decimal Classification     Biblioteca Pública Metropolitana Salomé Ureña Biblioteca Pública Metropolitana Salomé Ureña 03/12/2024   BPMSU CG M863.6 A698p 2017 BPMSU24030031 03/12/2024 03/12/2024 Libros e.3 Colección General